Movies Quiz

Random Movies or Word Play Quiz

Movie Match: Swapped First Letter Quiz Stats

 Plays Quiz Updated Jul 18, 2018

Score 0/16 Timer 01:30
1 Play Today
% Correct
Gorrest
96.7%
Ratman
95.9%
Fulp
95.5%
Lchindler's
94.3%
Ninding
93.3%
Daxi
92.2%
Aome
91.7%
Pary
91.6%
% Correct
Bleeping
89.7%
Baging
83.9%
Hnnie
83.6%
Apirited
82.2%
Iouble
82%
Wear
79.8%
Cight
78.5%
Suiz
77%

You're not logged in!

Compare scores with friends on all Sporcle quizzes.
Join for Free
OR
Log In

You Might Also Like...

Show Comments

Extras

Top Quizzes Today


Score Distribution

Your Account Isn't Verified!

In order to create a playlist on Sporcle, you need to verify the email address you used during registration. Go to your Sporcle Settings to finish the process.

Report this User

Report this user for behavior that violates our Community Guidelines.

Details: